|
|
|
|
| LEADER |
00000nam a2200000 i 4500 |
| 001 |
1/75136 |
| 008 |
961212s1987 gre d |
| 020 |
|
|
|a 9963-7648-0-0
|
| 035 |
|
|
|a 1992
|b 3
|c Δωρεά
|l 10032041
|
| 040 |
|
|
|a GR-MY-UA
|b gre
|e aacr
|
| 041 |
0 |
|
|a gre
|
| 082 |
0 |
|
|a 889.01
|
| 100 |
1 |
|
|a Ιωαννίδης, Γεώργιος,
|d 1950-
|
| 245 |
1 |
2 |
|a Η κυπριακή πεζογραφία της εικοσιπενταετίας (1960-1985) /
|c Γεωργίου Κ. Ιωαννίδη
|
| 260 |
|
|
|a Λευκωσία :
|b [χ.ό.],
|c 1987
|
| 300 |
|
|
|a 38 σ.
|
| 650 |
0 |
0 |
|a Cyprian literature
|x History and criticm.
|
| 852 |
|
|
|a INST
|b RHODES
|e 19961212
|h 889.01 ΙΩΑ
|p 005400000273
|q 005400000273
|t BK
|y 0
|
| 909 |
|
|
|a Ρ
|b 022295
|c 1992
|
| 970 |
|
|
|z 2000/06/ΟΙΚΟΝΟΜΟΠΟΥΛΟΥ (SUBJECT)
|